书目信息 |
| 题名: |
保时捷/路虎/捷豹/通用车系技术剖析与疑难案例集锦
|
|
| 作者: | 王志敏 主编 | |
| 分册: | ||
| 出版信息: | 北京 机械工业出版社 2015 |
|
| 页数: | 304页 | |
| 开本: | 26cm | |
| 丛书名: | 汽修高手维修实例精选丛书 | |
| 单 册: | ||
| 中图分类: | U469.110.7 | |
| 科图分类: | ||
| 主题词: | 轿车--故障诊断 , 轿车--故障修复 | |
| 电子资源: | ||
| ISBN: | 978-7-111-48628-2 | |
| 000 | 00979nam0 2200253 450 | |
| 001 | 3460 | |
| 005 | 20160926093059.89 | |
| 010 | @a978-7-111-48628-2@b平装@dCNY128.00 | |
| 100 | @a20150925d2015 em y0chiy50 ea | |
| 101 | 0 | @achi |
| 102 | @aCN@b110000 | |
| 105 | @aa z 000yy | |
| 200 | 1 | @a保时捷/路虎/捷豹/通用车系技术剖析与疑难案例集锦@9bao shi jie / lu hu / jie bao / tong yong che xi ji shu pou xi yu yi nan an li ji jin@f王志敏主编 |
| 210 | @a北京@c机械工业出版社@d2015 | |
| 215 | @a304页@c图@d26cm | |
| 225 | 2 | @a汽修高手维修实例精选丛书 |
| 330 | @a本书由多年从事高档汽车维修工作的高级技师根据工作日记整理总结而来,讲述了新款保时捷、路虎、捷豹、通用、凯迪拉克等车型的技术剖析、疑难故障案例分析与排除经验技巧、原厂技术信息通告。 | |
| 461 | 0 | @1001003981846 |
| 606 | 0 | @a轿车@x故障诊断 |
| 606 | 0 | @a轿车@x故障修复 |
| 690 | @aU469.110.7@v5 | |
| 701 | 0 | @a王志敏@9wang zhi min@4主编 |
| 801 | 0 | @aCN@b唐山师范学院图书馆@c20151001 |
| 905 | @aZUCC@dU469.110.7@e320 | |
| 保时捷/路虎/捷豹/通用车系技术剖析与疑难案例集锦/王志敏主编.-北京:机械工业出版社,2015 |
| 304页:图;26cm.-(汽修高手维修实例精选丛书) |
| ISBN 978-7-111-48628-2(平装):CNY128.00 |
| 本书由多年从事高档汽车维修工作的高级技师根据工作日记整理总结而来,讲述了新款保时捷、路虎、捷豹、通用、凯迪拉克等车型的技术剖析、疑难故障案例分析与排除经验技巧、原厂技术信息通告。 |
| ● |
| 相关链接 |
|
|
|
|
正题名:保时捷/路虎/捷豹/通用车系技术剖析与疑难案例集锦
索取号:U469.110.7/320
 
预约/预借
| 序号 | 登录号 | 条形码 | 馆藏地/架位号 | 状态 | 备注 |
| 1 | 905024 | 209050248 | 第二样本阅览室/ [索取号:U469.110.7/320] | 在馆 | |
| 2 | 905025 | 209050257 | 第三借阅区/ [索取号:U469.110.7/320] | 在馆 | |
| 3 | 905026 | 209050266 | 第三借阅区/ [索取号:U469.110.7/320] | 在馆 |